| 000 | 00371cam a22001217a 4500 | ||
|---|---|---|---|
| 008 | 180718b1960 xxu||||| |||| 00| 0 eng d | ||
| 082 | _aF51x5401 G346 | ||
| 100 | _aGhosh, Pansy Chaya | ||
| 245 |
_aDevelopment of Indian National Congress, 1892-1909 _cby Pansy Chaya Ghosh |
||
| 260 |
_aCalcutta _bMukhopadhyay _c1960 |
||
| 300 | _a263p. | ||
| 650 | _aIndian National Congress | ||
| 999 |
_c366297 _d366297 |
||